000 00284nam a22001337a 4500
008 170815b xxu||||| |||| 00| 0 eng d
020 _a9780321057594
041 _aeng
080 _27TH
_a51
100 _a36
101 _aMAT
245 _aTRIGONOMETRY
_cLIAL,M.L
942 _2udc
_cBK
999 _c23580
_d23580